The harper American literature; Vol.1

Gorde:
Xehetasun bibliografikoak
Formatua: Liburua
Hizkuntza:Undetermined
Argitaratua: New York, NY Harper Collins 1994
Gaiak:
Etiketak: Etiketa erantsi
Etiketarik gabe, Izan zaitez lehena erregistro honi etiketa jartzen!
Thư viện lưu trữ: Trung tâm Học liệu Trường Đại học Cần Thơ
LEADER 00479nam a2200169Ia 4500
001 CTU_59076
008 210402s9999 xx 000 0 und d
082 |a 810.8 
082 |b H293/Vol.1 
245 4 |a The harper American literature; Vol.1 
245 0 |c Edited by Donald McQuade ... [et al.] 
260 |a New York, NY 
260 |b Harper Collins 
260 |c 1994 
650 |a american literature 
904 |i Minh 
980 |a Trung tâm Học liệu Trường Đại học Cần Thơ